Online
Catalog

La cuestión forestal : (Record no. 162)

MARC details
000 -CABECERA
campo de control de longitud fija 01491nam a2200301 a 4500
001 - NÚMERO DE CONTROL
campo de control 000000162
005 - FECHA Y HORA DE LA ÚLTIMA TRANSACCIÓN
campo de control 20240424131120.0
008 - DATOS DE LONGITUD FIJA--INFORMACIÓN GENERAL
campo de control de longitud fija 081126s2004 dr a r 001 0 spa d
020 ## - NÚMERO INTERNACIONAL ESTÁNDAR DEL LIBRO
Número Internacional Estándar del Libro 9993459011
020 ## - NÚMERO INTERNACIONAL ESTÁNDAR DEL LIBRO
Número Internacional Estándar del Libro 9789993459019
040 ## - FUENTE DE LA CATALOGACIÓN
Centro catalogador/agencia de origen DO-SdBNP
Lengua de catalogación spa
Centro/agencia transcriptor BNPHU
082 ## - NÚMERO DE LA CLASIFICACIÓN DECIMAL DEWEY
Número de clasificación 634.956
Número de documento/Ítem S487c
100 1# - ENTRADA PRINCIPAL--NOMBRE DE PERSONA
Nombre de persona Serrano, Manuel
9 (RLIN) 511
245 13 - MENCIÓN DE TÍTULO
Título La cuestión forestal :
Resto del título Quisqueya Verde, plan Sierra y Sabana Clara /
Mención de responsabilidad, etc. Manuel Serrano, Ramón Díaz y Víctor Ruiz ; prólogo Arturo Grullón E.
260 ## - PUBLICACIÓN, DISTRIBUCIÓN, ETC.
Lugar de publicación, distribución, etc. Santo Domingo :
Nombre del editor, distribuidor, etc. CEDAF,
Fecha de publicación, distribución, etc. 2004.
300 ## - DESCRIPCIÓN FÍSICA
Extensión vii, 70 p. :
Otras características físicas il. ;
Dimensiones 25 cm.
505 0# - NOTA DE CONTENIDO CON FORMATO
Nota de contenido con formato Evaluación del Plan Nacional Quisqueya Verde -- Presentación -- Introducción -- Metodología -- Resultados -- Conclusiones y recomendaciones generales -- Lista de siglas -- Bibliografía consultada -- Dos experiencias del plan sierra: Las relaciones con APROBOSI y el proyecto la celestina -- Las relaciones Plan Sierra-APROBOSI --El proyecto La Celestina -- El plan de manejo del proyecto Sabana Clara.
590 ## - NOTA LOCAL (RLIN)
Nota local Inventariado, 2018/BT
650 #0 - PUNTO DE ACCESO ADICIONAL DE MATERIA--TÉRMINO DE MATERIA
Término de materia o nombre geográfico como elemento de entrada Recursos naturales
9 (RLIN) 512
650 #4 - PUNTO DE ACCESO ADICIONAL DE MATERIA--TÉRMINO DE MATERIA
Término de materia o nombre geográfico como elemento de entrada Programas forestales sociales
9 (RLIN) 513
651 #4 - PUNTO DE ACCESO ADICIONAL DE MATERIA--NOMBRE GEOGRÁFICO
Nombre geográfico República Dominicana
Subdivisión general Reforestación
9 (RLIN) 514
650 #4 - PUNTO DE ACCESO ADICIONAL DE MATERIA--TÉRMINO DE MATERIA
Término de materia o nombre geográfico como elemento de entrada Árboles maderables
Subdivisión geográfica República Dominicana
9 (RLIN) 515
700 1# - PUNTO DE ACCESO ADICIONAL--NOMBRE DE PERSONA
Nombre de persona Díaz, Ramón
9 (RLIN) 516
700 1# - PUNTO DE ACCESO ADICIONAL--NOMBRE DE PERSONA
Nombre de persona Ruiz, Víctor
9 (RLIN) 517
700 1# - PUNTO DE ACCESO ADICIONAL--NOMBRE DE PERSONA
Nombre de persona Grullón E., Arturo,
Término indicativo de función/relación pról.
9 (RLIN) 518
710 2# - PUNTO DE ACCESO ADICIONAL--NOMBRE DE ENTIDAD CORPORATIVA
Nombre de entidad corporativa o nombre de jurisdicción como elemento de entrada Centro para el Desarrollo Agropecuario y Forestal
9 (RLIN) 519
910 ## - DATOS DE OPCIÓN DEL USUARIO (OCLC)
Datos de opción del usuario Validado. Control de calidad. MMOLINA
Holdings
Estado de retiro Estado de pérdida Restricciones de uso No para préstamo Código de colección Localización permanente Ubicación/localización actual Ubicación en estantería Fecha de adquisición Número de inventario Total de préstamos Signatura topográfica completa Código de barras Fecha visto por última vez Número de copia Precio válido a partir de Tipo de ítem Koha Fuente de adquisición
    Préstamo en sala   Dominicana de Servicio Biblioteca Nacional Pedro Henríquez Ureña Biblioteca Nacional Pedro Henríquez Ureña Depósito 10.03.2010 LF1   634.956 S487c 162-40 25.06.2020 e. 4 25.06.2020 Libros y folletos  
    Préstamo en sala   Dominicana de Servicio Biblioteca Nacional Pedro Henríquez Ureña Biblioteca Nacional Pedro Henríquez Ureña Depósito 10.03.2010 LF1   634.956 S487c 162-50 25.06.2020 e. 5 25.06.2020 Libros y folletos  
    Préstamo en sala   Dominicana de Servicio Biblioteca Nacional Pedro Henríquez Ureña Biblioteca Nacional Pedro Henríquez Ureña Depósito 19.06.2009 LF1   634.956 S487c 162-30 25.06.2020 e. 3 25.06.2020 Libros y folletos 000853
      Excluido de préstamo Patrimonio Dominicano Biblioteca Nacional Pedro Henríquez Ureña Biblioteca Nacional Pedro Henríquez Ureña Depósito 19.06.2009 LF1   634.956 S487c 162-10 25.06.2020   25.06.2020 No se presta 000851
      Excluido de préstamo Patrimonio Dominicano Biblioteca Nacional Pedro Henríquez Ureña Biblioteca Nacional Pedro Henríquez Ureña Depósito 19.06.2009 LF1   634.956 S487c 162-20 25.06.2020 e. 2 25.06.2020 No se presta 000852

Powered by Koha